|
|
|
|
| LEADER |
03354nam a22005175i 4500 |
| 001 |
978-3-540-78737-2 |
| 003 |
DE-He213 |
| 005 |
20151204181350.0 |
| 007 |
cr nn 008mamaa |
| 008 |
100301s2008 gw | s |||| 0|eng d |
| 020 |
|
|
|a 9783540787372
|9 978-3-540-78737-2
|
| 024 |
7 |
|
|a 10.1007/978-3-540-78737-2
|2 doi
|
| 040 |
|
|
|d GrThAP
|
| 050 |
|
4 |
|a QA76.6-76.66
|
| 072 |
|
7 |
|a UM
|2 bicssc
|
| 072 |
|
7 |
|a COM051000
|2 bisacsh
|
| 082 |
0 |
4 |
|a 005.11
|2 23
|
| 100 |
1 |
|
|a Miyamoto, Sadaaki.
|e author.
|
| 245 |
1 |
0 |
|a Algorithms for Fuzzy Clustering
|h [electronic resource] :
|b Methods in c-Means Clustering with Applications /
|c by Sadaaki Miyamoto, Hidetomo Ichihashi, Katsuhiro Honda.
|
| 264 |
|
1 |
|a Berlin, Heidelberg :
|b Springer Berlin Heidelberg,
|c 2008.
|
| 300 |
|
|
|a XI, 247 p.
|b online resource.
|
| 336 |
|
|
|a text
|b txt
|2 rdacontent
|
| 337 |
|
|
|a computer
|b c
|2 rdamedia
|
| 338 |
|
|
|a online resource
|b cr
|2 rdacarrier
|
| 347 |
|
|
|a text file
|b PDF
|2 rda
|
| 490 |
1 |
|
|a Studies in Fuzziness and Soft Computing,
|x 1434-9922 ;
|v 229
|
| 505 |
0 |
|
|a BasicMethods for c-Means Clustering -- Variations and Generalizations - I -- Variations and Generalizations - II -- Miscellanea -- Application to Classifier Design -- Fuzzy Clustering and Probabilistic PCA Model -- Local Multivariate Analysis Based on Fuzzy Clustering -- Extended Algorithms for Local Multivariate Analysis.
|
| 520 |
|
|
|a The main subject of this book is the fuzzy c-means proposed by Dunn and Bezdek and their variations including recent studies. A main reason why we concentrate on fuzzy c-means is that most methodology and application studies in fuzzy clustering use fuzzy c-means, and hence fuzzy c-means should be considered to be a major technique of clustering in general, regardless whether one is interested in fuzzy methods or not. Unlike most studies in fuzzy c-means, what we emphasize in this book is a family of algorithms using entropy or entropy-regularized methods which are less known, but we consider the entropy-based method to be another useful method of fuzzy c-means. Throughout this book one of our intentions is to uncover theoretical and methodological differences between the Dunn and Bezdek traditional method and the entropy-based method. We do note claim that the entropy-based method is better than the traditional method, but we believe that the methods of fuzzy c-means become complete by adding the entropy-based method to the method by Dunn and Bezdek, since we can observe natures of the both methods more deeply by contrasting these two.
|
| 650 |
|
0 |
|a Computer science.
|
| 650 |
|
0 |
|a Computer programming.
|
| 650 |
|
0 |
|a Artificial intelligence.
|
| 650 |
|
0 |
|a Applied mathematics.
|
| 650 |
|
0 |
|a Engineering mathematics.
|
| 650 |
1 |
4 |
|a Computer Science.
|
| 650 |
2 |
4 |
|a Programming Techniques.
|
| 650 |
2 |
4 |
|a Appl.Mathematics/Computational Methods of Engineering.
|
| 650 |
2 |
4 |
|a Artificial Intelligence (incl. Robotics).
|
| 700 |
1 |
|
|a Ichihashi, Hidetomo.
|e author.
|
| 700 |
1 |
|
|a Honda, Katsuhiro.
|e author.
|
| 710 |
2 |
|
|a SpringerLink (Online service)
|
| 773 |
0 |
|
|t Springer eBooks
|
| 776 |
0 |
8 |
|i Printed edition:
|z 9783540787365
|
| 830 |
|
0 |
|a Studies in Fuzziness and Soft Computing,
|x 1434-9922 ;
|v 229
|
| 856 |
4 |
0 |
|u http://dx.doi.org/10.1007/978-3-540-78737-2
|z Full Text via HEAL-Link
|
| 912 |
|
|
|a ZDB-2-ENG
|
| 950 |
|
|
|a Engineering (Springer-11647)
|